000 00467nam a2200169Ia 4500
999 _c28786
_d28786
003 OSt
005 20210105125448.0
008 190216s9999||||xx |||||||||||||| ||und||
040 _coclc
082 _a500
_bBEN/K
100 _aBenjamin, Gracious
_97104
245 0 _aKaranam Enthu /
_cBenjamin Gracious
260 _bLipi Publication,
_aKozhikode:
_c2002.
300 _a144p
650 _aGeneral
942 _cBK
_2ddc
_h500
_iBEN/K
_k500
_mBEN/K